000 00538nam a22001457a 4500
020 _a978-0727759931
082 _a625.7
_bFLA
_cNUST-02-p-99
100 _aFlaherty ,Coleman O'
_951741
245 _aHighways,
_bThe Location, Design, Construction and Maintenance of Road Pavements
_cDavid Hughes , Edited by Coleman A. O'Flaherty
250 _a5 th ed.
260 _aLondon, United Kingdom
_bICE Publishing.
_c2015
300 _axxvi, 583p.
_c156 x 234 x 25.4mm | 1,016.05g
526 _a0
_b0
_c0
_d625_700000000000000_FLA
942 _2ddc
_cBK
999 _c554290
_d554290